| 000 | 00577cab a2200193 4500 | ||
|---|---|---|---|
| 001 | WB2416-17 | ||
| 008 | 090401t1988 xxu||||| |||| 00| 0 eng d | ||
| 035 | _a(Sirsi) u40745 | ||
| 041 | _aeng | ||
| 245 | _aOxford science park | ||
| 260 | _c1988 | ||
| 350 | _a0 | ||
| 490 |
_aFinancial Times _v22/4/88 p12 |
||
| 520 | _aA planning application is to be submitted to Oxford City Council for development of land adjacent to the railway station into a science park . | ||
| 650 | _aCARROLL GROUP | ||
| 690 | _aPLANNING LAW AND PRACTICE | ||
| 942 | _n0 | ||
| 948 | _c04/03/1997 | ||
| 999 |
_c26111 _d26111 |
||